| 000 | 00679 a2200229 4500 | ||
|---|---|---|---|
| 003 | Nust | ||
| 005 | 20170207154045.0 | ||
| 010 | _a 2008922736 | ||
| 020 | _a978-0-387-74067-6 (hardcover : alk. paper) | ||
| 035 | _a15173846 | ||
| 040 | _cNust | ||
| 082 | 0 | 4 | _a330.9 |
| 100 | 1 | _aAxel Dreher, Noel Gaston, Pim Martens. | |
| 245 | 1 | 0 |
_aMeasuring globalisation (E-Book) _bgauging its consequences / _cAxel Dreher, Noel Gaston, Pim Martens. |
| 260 |
_aNew York : _bSpringer, _c2008 |
||
| 300 | _axvi, 224 s. | ||
| 650 | 7 |
_aGlobalisering _xekonomiska aspekter |
|
| 650 | 7 |
_aGlobalisering _xsociala aspekter |
|
| 651 | _a(E-Book) | ||
| 700 | 1 | _aGaston, Noel | |
| 700 | 1 | _aMartens, Pim | |
| 942 |
_2ddc _cBK |
||
| 999 |
_c192834 _d192834 |
||